عرض عادي
عرض مارك
- Physics.
مدخل مصطلح موضوعي
001 - رقم الضبط
- حقل الضبط: 56927
003 - معرف رقم الضبط
- حقل الضبط: OSt
005 - تاريخ ووقت أخر عملية
- حقل الضبط: 20161204092446.0
008 - عناصر بيانات ثابتة الطول
- حقل تحكم ثابت الطول: 161204|| aca||aabn | a|a d
040 ## - مصدر الفهرسة
- هيئة الفهرسة الأصلية: OSt
- وكالة الكتابة: OSt
150 ## - مدخل-- مصطلح تاريخي
- عنصر مدخل المصطلح الموضوعي او الاسم الجغرافي: Physics.
670 ## - بيانات المصدر موجوده
- الاستشهاد بالمصدر: Work cat.: (OSt)0: Serway, Raymond A. 5306, College physics.
